000 00904nam a2200241Ii 4500
003 JO-AjNU
008 230605s9999||||xx |||||||||||||| ||und||
017 _a2002/5/1107
020 _a978-9957-22-387-8
040 _aJO-AjNU
_bara
_erda
_cJO-AjNU
041 _aara
050 1 4 _aCB311.S43 2011
100 3 _aتاليف: شاكر ،محمود,
_eauthor
_960338
245 0 0 _aموسوعة الحضارات القديمة والحديثة وتاريخ الامم، ج 1
250 _aالطبعة الاولى
264 3 1 _aعمان: دار اسامة للنشر والتوزيع، 2011
300 _aج1: 464ص
336 _atext
_btxt
_2rdacontent
337 _aunmediated
_bn
_2rdamedia
338 _avolume
_bnc
_2rdacarrier
490 0 _aموسوعة الحضارات
650 4 _aالحضارة- الموسوعات- الحضارة الاسلامية -الحضارات القديمة
_960339
999 _aA27202
_c30770
_d30770